| 000 | 00633nam a2200193Ia 4500 | ||
|---|---|---|---|
| 003 | SGT | ||
| 020 | _a9780070153899 | ||
| 082 |
_a620.1/12 _bBEER |
||
| 100 | _aFerdinand P. Beer | ||
| 245 | _aMechanics of Materials (In SI Units) | ||
| 250 | _a5th Ed. | ||
| 260 |
_bTata McGraw Hill Education Private Limited _aNew Delhi _c2009 |
||
| 300 | _a780p. | ||
| 650 | _aMECHANICAL ENGINEERING | ||
| 653 | _aCONCEPT OF STRESS, STRESS AND STRAIN-AXIAL LOADING, PURE BENDING, ANALYSIS AND DESIGN OF BEAMS FOR BENDING, DEFLECTION OF BEAMS, ENERGY METHODS | ||
| 700 | _aE. Russell Johnstor Jr | ||
| 700 | _aJohn T. Dewolk | ||
| 942 |
_2ddc _cBK |
||
| 999 |
_c5161 _d5161 |
||